书目信息 |
| 书名: | Havoc in Heaven | |
| 作者: | adapted by Tang Cheng from the cartoon film of the same title ; scenes from the film by Yan Dingxian ... [et al.] | |
| 分册号: | ||
| 分册名: | 出版地: | Beijing : |
|
| 出版社: | Foreign Languages Press | |
| 出版时间: | 1979. | |
| 页数: | 84 p. | |
| 开本: | ||
| 丛书名: | ||
| 中图分类号: | ||
| 科图分类号: | ||
| 其他分类号: | H319.4 | |
| 主题词: | ||
| 电子资源: | ||
| 000 | 01199nam 2200301 a 4500 | |
| 001 | E0732477164 | |
| 005 | 20070305090201.62 | |
| 008 | uu | |
| 008 | 001@1eng | |
| 040 | @aNLC | |
| 041 | 1 | @aeng @hchi |
| 049 | @aN5LA | |
| 090 | @a2C/I287.8/TCEn///////////905917-19/ 3cop. | |
| 090 | @aH319.4 | |
| 096 | @aI287.8 @v2 | |
| 099 | @dH319.4@ex271 | |
| 100 | 1 | @aTang, Cheng. |
| 240 | 10 | @aDa nao tian gong. @lEnglish |
| 242 | 10 | @a大闹天宫(英语版) @ychi |
| 245 | 10 | @aHavoc in Heaven / @cadapted by Tang Cheng from the cartoon film of the same title ; scenes from the film by Yan Dingxian ... [et al.] |
| 260 | @aBeijing :@bForeign Languages Press,@c1979. | |
| 300 | @a84 p. | |
| 500 | @aTranslation of: Ta nao t`ien kung. | |
| 500 | @aBased on: Hsi yu chi / Wu Ch`eng-en. | |
| 650 | 0 | @aChildren's literature, Chinese @vTranslations into English. |
| 700 | 1 | @aYan, Dingxian. |
| 700 | 1 | @aWu, Cheng'en, @dca. 1500-ca. 1582. @tXi you ji. @b00 @c20020930 @lNLC09 @h2246 @lNLC09 @h2304 @lNLC09 @h1855 @b40 @c20030605 @lNLC09 @h0535 @b40 @c20030605 @lNLC09 @h0540 @b01 @c20031209 @lNLC09 @h1949 @b01 @c20031209 @lNLC09 @h1949 |
| 852 | 9 | @bWWJC @cJ08S @k2C @hI287.8 @iTCEn |
| Havoc in Heaven / / adapted by Tang Cheng from the cartoon film of the same title ; scenes from the film by Yan Dingxian ... [et al.].-Beijing : : Foreign Languages Press, , 1979. |
| 84 p. |
| Translation of: Ta nao t`ien kung.-Based on: Hsi yu chi / Wu Ch`eng-en. |
| ISBN |
| ● |
| 相关链接 |
|
|
|
|
正题名:Havoc in Heaven
索取号:H319.4/x271
 
预约/预借
| 序号 | 登录号 | 条形码 | 馆藏地/架位号 | 状态 | 备注 |
| 1 | 47540 | 202461594 | 第四借阅区/ [索取号:H319.4/x271] | 在馆 |